| 000 | 00983nam a2200301 i 4500 | ||
|---|---|---|---|
| 001 | bg | ||
| 100 | 1 | _aJelen, Bill. | |
| 245 | 1 | 0 |
_aMicrosoft Excel 2007 PL : _bwykresy jako wizualna prezentacja informacji / _cBill Jelen ; [tł. Przemysł Mirecki, Ireneusz Jakóbik]. |
| 246 | 1 |
_iTyt. oryg.: _aCharts and graphs for Microsoft Office Excel 2007 |
|
| 260 |
_aGliwice : _bWydawnictwo Helion, _c2008. |
||
| 300 |
_a498 s. : _bil. ; _c23 cm. |
||
| 490 | 1 | _aRozwiązania w Biznesie | |
| 504 | _aIndeks | ||
| 650 | 9 | _aExcel | |
| 650 | 9 | _aArkusze kalkulacyjne | |
| 655 | _aPodręczniki | ||
| 700 | 1 |
_aMirecki, Przemysław. _eTł. |
|
| 700 | 1 |
_aJakóbik, Ireneusz. _eTł. |
|
| 830 | _aRozwiązania w Biznesie | ||
| 020 | _a9788324612949 | ||
| 040 | _cBPK | ||
| 041 | _apol | ||
| 044 | _aPOL | ||
| 920 | _a978-83-246-1294-9 | ||
| 942 | _cKS | ||
| 008 | s pl f |000 0 pol | ||
| 999 |
_c55863 _d55863 |
||
| 856 |
_uhttp://koha.tu.koszalin.pl/cgi-bin/koha/opac-detail.pl?biblionumber=55863 _yKatalog online BPK |
||